Tread wear and fuel consumption of tyres (Record no. 71507)

MARC details
000 -LEADER
fixed length control field 00449nam a2200157Ia 4500
100 ## - MAIN ENTRY--AUTHOR NAME
Personal name De Decker H C J
245 #0 - TITLE STATEMENT
Title Tread wear and fuel consumption of tyres
260 ## - PUBLICATION, DISTRIBUTION, ETC. (IMPRINT)
Name of publisher Proceedings of the 3rd Rubber Technology Conference, London, 1954; p749-762
650 ## - SUBJECT ADDED ENTRY--TOPICAL TERM
Topical Term Fuel consumption
650 ## - SUBJECT ADDED ENTRY--TOPICAL TERM
Topical Term Tread wear
650 ## - SUBJECT ADDED ENTRY--TOPICAL TERM
Topical Term Tyre
700 ## - ADDED ENTRY--PERSONAL NAME
Personal name Houwink R
700 ## - ADDED ENTRY--PERSONAL NAME
Personal name Van Amerongen G J
942 ## - ADDED ENTRY ELEMENTS (KOHA)
Koha item type Journals
Holdings
Withdrawn status Lost status Damaged status Not for loan Home library Current library Shelving location Date acquired Koha item type
      Journals RRII Library RRII Library Rubber general 17/12/2021 Journals